Ponencias: documentos principales
Shranjeno v:
| Korporativna značnica: | |
|---|---|
| Format: | Procedimiento de la Conferencia |
| Jezik: | Spanish |
| Izdano: |
Nueva York:
The Population Council,
1987
|
| Oznake: |
Označite
Brez oznak, prvi označite!
|
MARC
| LEADER | 00000 a2200000 04500 | ||
|---|---|---|---|
| 003 | cru CIDCACS/IIS | ||
| 005 | 20220714124449.0 | ||
| 007 | ta | ||
| 008 | 200312s1987 -us spa d | ||
| 040 | |c cru CIDCACS/IIS | ||
| 090 | |a 14.05.02 B627p | ||
| 111 | 2 | |9 9142 |a Conferencia Internacional: La contribución de la planificación familiar a la salud de la mujer y el niño |c Nairobi |d 5-9 octubre 1987 | |
| 245 | |a Ponencias: |b documentos principales | ||
| 260 | |a Nueva York: |b The Population Council, |c 1987 | ||
| 300 | |a paginación irregular | ||
| 942 | |2 ddc |c LI | ||
| 999 | |c 42995 |d 42995 | ||
